000 00398nam a22001577a 4500
003 OSt
008 240502b |||||||| |||| 00| 0 eng d
020 _a9789395161800
082 _a620.001 RAE
100 _aRAO,S Singiresu
245 _aEngineering optimization Theory and Practice
250 _a4th Ed
260 _aNew Delhi
_bNew Age International
_c 2023
300 _a760
942 _2ddc
_cBK
999 _c12600
_d12600